| 000 | 00916nas a2200337 4500 | ||
|---|---|---|---|
| 001 | BR2012009109 | ||
| 003 | BR-BrBNA | ||
| 005 | 20231205121540.0 | ||
| 007 | ta | ||
| 008 | 230509b bl.|||p| |||| 00| 00por d | ||
| 040 |
_aBR-BrBNA _bpor _cBiblioteca Nacional de Agricultura |
||
| 041 | _a(Pt) | ||
| 072 | _aF08 | ||
| 100 | 1 | _aAratani, R.G. | |
| 100 | 1 | _aMaria, I.C. de | |
| 100 | 1 | _aCastro, O.M. de | |
| 100 | 1 | _aPeche Filho, A. | |
| 100 | 1 | _aDuarte, A.P. | |
| 100 | 1 | _aKanthack, R.A.D. | |
| 245 | 1 | _aPlantio direto de soja em solo com muita palhada de milho | |
| 650 | _aSOJA | ||
| 650 | _aPLANTIO DIRETO | ||
| 650 | _aPALHADA | ||
| 650 | _aMILHO | ||
| 650 | _aSOLO | ||
| 650 | _aSEMEADURA | ||
| 650 | _aMAQUINA AGRÍCOLA | ||
| 773 | 0 |
_tO Agronômico (Brazil) _xISSN 0365-2726 _g(2004), v. 56(2) p. 31-33 _wBR2012009109 |
|
| 909 |
_a202311 _bLúcia _c55 _dLúcia Elande |
||
| 942 |
_2AGRIS _n0 _cANA |
||
| 999 |
_c224077 _d224077 |
||